First 30 Names Mentioned in Harry Potter and the Philosopher's Stone - Statistics

General Stats
  • This quiz has been taken 3,209 times
  • The average score is 19 of 30
Answer Stats
Hint Answer % Correct
5. Harry Potter
99%
6. Albus Dumbledore
97%
12. Rubeus Hagrid
97%
3. Dudley Dursley
96%
2. Petunia Dursley
95%
28. Ron Weasley
95%
1. Vernon Dursley
95%
7. Minerva McGonagall
92%
11. James Potter
84%
4. Lily Potter
83%
26. Fred Weasley
80%
27. George Weasley
79%
24. Ginny Weasley
75%
9. Voldemort
73%
29. Neville Longbottom
66%
25. Percy Weasley
63%
20. Quirinus Quirrel
60%
23. Garrick Ollivander
56%
13. Sirius Black
55%
18. Tom the Barman
49%
15. Arabella Figg
40%
14. Marjorie Dursley
39%
16. Piers Polkiss
36%
21. Griphook
33%
8. Dedalus Diggle
31%
22. Madam Malkin
29%
17. Cornelius Fudge
19%
19. Doris Crockford
16%
30. Lee Jordan
16%
10. Poppy Pomfrey
11%
No matching quizzes found
Score Distribution
Percent of People with Each Score
Percentile by Number Answered
Your Score History
You have not taken this quiz